000 00449nam a2200181 a 4500
001 18959
005 20180713212331.0
008 140415s1945 000 0 spa d
041 _aspa
082 _a868
_bVAL
100 1 _aVALLE-INCLAN, RAMON DEL
245 1 0 _aTIRANO BANDERAS
250 _a3a ed.
260 _a[s.l.] :
_bESPASA, CALPE,
_c1945
300 _a186
490 _aAUSTRAL
_v105
650 1 4 _aNARRACIONES
_xESPAOLA
999 _c18959
_d18959